000 01290nam a2200337 i 4500
003 EG-GICUC
005 20260121101516.0
008 251217s1992 ua ||||fr|||| 000 0 ara d
017 _a92/7426
020 _a977-04-0877-8
040 _a EG-GICUC
_bara
_c EG-GICUC
_d EG-GICUC
_erda
041 _aara
082 0 4 _221
_a343.431
_bا ح . ت
092 0 4 _221
099 _aLaw1 10 343.431 ا ح . ت 1992
100 0 _aاحمد شوقي عمر ابو خطوة
_eمؤلف.
245 1 0 _aتعويض المجني عليهم عن الاضرار الناشئة عن جرائم الارهاب /
_cالدكتور احمد شوقي عمر ابو خطوة
264 1 _aالقاهرة :
_bدار النهضة العربية,
_c1992.
300 _a171 صفحة ؛
_c24 سم
336 _2rda content
_atext
337 _2rda media
_aComputer
338 _2rda carrier
_aOnline Resource
504 _a. 164-152ببليوجرافيا: صفحات.
546 _aالنص أغلبه باللغة العربية مع بعض النصوص الفرنسية
650 1 4 _aالتشريع الخاص بالإرهاب
_2qrmak
650 1 4 _aالإرهاب
651 1 _2qrmak
856 4 0 _uhttps://fll.law.cu.edu.eg/fulltext/bks/B10-05711.pdf
905 _a79
_eHassnaa
942 _2ddc
_cBK
_e21
_n0
999 _c51148
_d51148